| 000 | 00597nam a2200205 a 4500 | ||
|---|---|---|---|
| 001 | 84353 | ||
| 003 | BD-RjUL | ||
| 005 | 20241124123729.0 | ||
| 008 | 241124s1963 nyu||||| |||| 00| 0 eng d | ||
| 035 | _a(BD-RjUL)84353 | ||
| 040 |
_aBD-RjUL _beng _cBD-RjUL |
||
| 041 | _aeng | ||
| 082 |
_223 _a330.95 _bECO 1963 |
||
| 245 |
_aEconomic survey of Asia and the Far East 1962 / _cUnited Nations |
||
| 260 |
_aNew York : _bDept. of Economic Affairs, United Nations, _c1963 |
||
| 300 |
_a234 p.; _c22 cm. |
||
| 650 |
_aAsia Economic conditions _95687 |
||
| 710 |
_aUnited Nations _9859 |
||
| 942 |
_2ddc _cBK |
||
| 999 |
_c84353 _d84353 |
||